000 00340nam a2200157Ia 4500
999 _c36389
_d36389
003 0100
005 20180307151818.0
008 130303s9999 xx 000 0 und d
040 _cARRUPELIB
050 _aDT958.C3 1968
100 _aCary, Robert
_923000
245 2 _aA time to die /
260 _aCape Town
_bHoward Timmins
_c1968
300 _a179p
650 _aShangani River Massacre
_940304
942 _2lcc
_cMONOGRAPH